[Event "ISL-chT 0910"]
[Site "Reykjavik"]
[Date "2010.03.06"]
[Round "7"]
[White "Bergmann, Haukur"]
[Black "Karason, Askell Orn"]
[Result "0-1"]
[WhiteElo "2131"]
[BlackElo "2248"]
[PlyCount "70"]
[EventDate "2009.09.25"]
[EventType "team-tourn"]
[EventRounds "7"]
[EventCountry "ISL"]
[SourceTitle "EXT 2011"]
[Source "ChessBase"]
[SourceDate "2010.11.26"]
[SourceVersion "1"]
[SourceVersionDate "2010.11.26"]
[SourceQuality "1"]

1. d4 d6 2. e4 Nf6 3. Nc3 g6 4. f4 Bg7 5. Nf3 c5 6. d5 0-0 7. Be2 a6 8. a4 e6 9. 0-0 exd5 10. exd5 Re8 11. Nd2 Bf5 12. Bf3 h5 13. h3 h4 14. Nc4 Qc7 15. Be3 Ne4 16. Nxe4 Bxe4 17. c3 Nd7 18. Bf2 b5 19. Nd2 Bd3 20. Re1 b4 21. cxb4 Bxb2 22. Ra2 Bf6 23. bxc5 Nxc5 24. Qc1 Rxe1+ 25. Bxe1 Rc8 26. Bf2 Bf5 27. Kh2 Qe7 28. Bxc5 Rxc5 29. Qf1 Qe3 30. g3 Rc3 31. Kg2 hxg3 32. Kxg3 g5 33. fxg5 Be5+ 34. Kg2 Bd3 35. Qg1 Qf4 0-1